Statistics for Which German States... #3

Click here to take the quiz!

General Stats

  • This quiz has been taken 21 times
  • The average score is 65 of 80

Answer Stats

QuestionTileSelect% Correct
that are landlockedBavariaYes
95%
that have at least one county or county-level city with a population larger than 1 MillionBavariaYes
95%
that are landlockedBerlinYes
95%
that border a country whose official language(s) include a germanic oneBerlinNo
95%
that are landlockedBrandenburgYes
95%
that have at least one county or county-level city with a population larger than 1 MillionBremenNo
95%
that are landlockedNorth Rhine-WestphaliaYes
95%
that are landlockedRhineland-PalatinateYes
95%
that are landlockedSaarlandYes
95%
that have at least one county or county-level city with a population larger than 1 MillionSaarlandNo
95%
that are landlockedSchleswig-HolsteinNo
95%
that are landlockedBaden-WürttembergYes
90%
that have a negative population growth rateBaden-WürttembergNo
90%
where Roman Catholicism is more common than ProtestantismBavariaYes
90%
that have at least one county or county-level city with a population larger than 1 MillionBerlinYes
90%
where Roman Catholicism is more common than ProtestantismBerlinNo
90%
that have a negative population growth rateBerlinNo
90%
that border a country whose official language(s) include a germanic oneBrandenburgNo
90%
that have at least one county or county-level city with a population larger than 1 MillionBrandenburgNo
90%
that border a country whose official language(s) include a germanic oneBremenNo
90%
that are landlockedBremenNo
90%
where Roman Catholicism is more common than ProtestantismBremenNo
90%
that border a country whose official language(s) include a germanic oneHamburgNo
90%
that have a negative population growth rateHamburgNo
90%
where Roman Catholicism is more common than ProtestantismHamburgNo
90%
that are landlockedHesseYes
90%
that have a negative population growth rateHesseNo
90%
where Roman Catholicism is more common than ProtestantismLower SaxonyNo
90%
that border a country whose official language(s) include a germanic oneMecklenburg-Western PomeraniaNo
90%
that are landlockedMecklenburg-Western PomeraniaNo
90%
that have at least one county or county-level city with a population larger than 1 MillionMecklenburg-Western PomeraniaNo
90%
that have at least one county or county-level city with a population larger than 1 MillionNorth Rhine-WestphaliaYes
90%
that have a negative population growth rateNorth Rhine-WestphaliaNo
90%
that have at least one county or county-level city with a population larger than 1 MillionRhineland-PalatinateNo
90%
that are landlockedSaxonyYes
90%
that border a country whose official language(s) include a germanic oneSaxonyNo
90%
that have at least one county or county-level city with a population larger than 1 MillionSaxony-AnhaltNo
90%
that border a country whose official language(s) include a germanic oneSaxony-AnhaltNo
90%
that have at least one county or county-level city with a population larger than 1 MillionSchleswig-HolsteinNo
90%
that have at least one county or county-level city with a population larger than 1 MillionThuringiaNo
90%
that are landlockedThuringiaYes
90%
that border a country whose official language(s) include a germanic oneBaden-WürttembergYes
86%
that border a country whose official language(s) include a germanic oneBavariaYes
86%
where Roman Catholicism is more common than ProtestantismBrandenburgNo
86%
that border a country whose official language(s) include a germanic oneHesseNo
86%
that have a negative population growth rateMecklenburg-Western PomeraniaYes
86%
that border a country whose official language(s) include a germanic oneNorth Rhine-WestphaliaYes
86%
that are landlockedSaxony-AnhaltYes
86%
where Roman Catholicism is more common than ProtestantismSchleswig-HolsteinNo
86%
that border a country whose official language(s) include a germanic oneThuringiaNo
86%
where Roman Catholicism is more common than ProtestantismBaden-WürttembergYes
81%
that have a negative population growth rateBavariaNo
81%
that have a negative population growth rateBremenNo
81%
that have at least one county or county-level city with a population larger than 1 MillionHamburgYes
81%
that have a negative population growth rateLower SaxonyNo
81%
where Roman Catholicism is more common than ProtestantismMecklenburg-Western PomeraniaNo
81%
that border a country whose official language(s) include a germanic oneRhineland-PalatinateYes
81%
that have at least one county or county-level city with a population larger than 1 MillionSaxonyNo
81%
that have a negative population growth rateRhineland-PalatinateNo
76%
that have a negative population growth rateSaxony-AnhaltYes
76%
that have at least one county or county-level city with a population larger than 1 MillionBaden-WürttembergNo
71%
that are landlockedLower SaxonyNo
71%
where Roman Catholicism is more common than ProtestantismSaxonyNo
71%
where Roman Catholicism is more common than ProtestantismSaxony-AnhaltNo
71%
that have a negative population growth rateThuringiaYes
71%
that border a country whose official language(s) include a germanic oneLower SaxonyYes
67%
that border a country whose official language(s) include a germanic oneSaarlandYes
67%
that have a negative population growth rateSchleswig-HolsteinNo
67%
where Roman Catholicism is more common than ProtestantismRhineland-PalatinateYes
62%
that are landlockedHamburgYes
57%
where Roman Catholicism is more common than ProtestantismHesseNo
57%
that have at least one county or county-level city with a population larger than 1 MillionHesseNo
57%
where Roman Catholicism is more common than ProtestantismSaarlandYes
57%
where Roman Catholicism is more common than ProtestantismThuringiaNo
57%
where Roman Catholicism is more common than ProtestantismNorth Rhine-WestphaliaYes
52%
that border a country whose official language(s) include a germanic oneSchleswig-HolsteinYes
52%
that have a negative population growth rateSaarlandYes
48%
that have a negative population growth rateSaxonyNo
43%
that have at least one county or county-level city with a population larger than 1 MillionLower SaxonyYes
24%
that have a negative population growth rateBrandenburgNo
14%

Score Distribution

Percentile by Number Answered

Percent of People with Each Score

Your Score History

You have not taken this quiz